Impact of Socio-Economic Factors on Digital Literacy and Security

V súčasnom digitálnom prostredí, kde dezinformácie a kybernetické hrozby predstavujú značné výzvy, je nevyhnutné vyvinúť a implementovať účinné stratégie na zvýšenie digitálnej gramotnosti a bezpečnosti. Táto štúdia skúma prístupy Slovenska k individuálnemu digitálnemu manažmentu so zameraním na pol...

Description complète

Enregistré dans:
Détails bibliographiques
Auteur principal: Lukáč, Jozef, 1991-
Autres auteurs: Kudlová, Zuzana, 1986-, Kopčáková, Janka, 1994-, Gallo, Peter, ml
Format: Chapitre de livre
Langue:anglais
Sujets:
Tags: Ajouter un tag
Pas de tags, Soyez le premier à ajouter un tag!

MARC

LEADER 00000naa a2200000 4500
001 0308250
005 20260313081934.4
041 0 |a eng 
044 |a RS 
245 1 0 |a Impact of Socio-Economic Factors on Digital Literacy and Security  |c Jozef Lukáč, Zuzana Kudlová, Janka Kopčáková, Peter Gallo 
520 |a V súčasnom digitálnom prostredí, kde dezinformácie a kybernetické hrozby predstavujú značné výzvy, je nevyhnutné vyvinúť a implementovať účinné stratégie na zvýšenie digitálnej gramotnosti a bezpečnosti. Táto štúdia skúma prístupy Slovenska k individuálnemu digitálnemu manažmentu so zameraním na politiky a iniciatívy zamerané na zvýšenie digitálnej gramotnosti a posilnenie kybernetickej bezpečnosti. 
610 2 0 |a gramotnosť digitálna 
610 2 0 |a bezpečnosť kybernetická 
610 2 0 |a dezinformácie 
610 2 0 |a hrozby hybridné 
100 1 |a Lukáč, Jozef, 1991- 
700 1 |a Kudlová, Zuzana, 1986- 
700 1 |a Kopčáková, Janka, 1994- 
700 1 |a Gallo, Peter, ml.